Statistics for Countries With the Most Natural Resources

Click here to take the quiz!

General Stats

  • This quiz has been taken 76 times
  • The average score is 9 of 10

Answer Stats

RankCountry% Correct
7United States
100%
1China
98%
4India
94%
5Russia
92%
10Australia
92%
3Canada
91%
6Brazil
91%
2Saudi Arabia
77%
9Democratic Republic of the Congo
66%
8Venezuela
51%

Score Distribution

Percentile by Number Answered

Percent of People with Each Score

Your Score History

You have not taken this quiz